000 00949nam a22002777a 4500
001 BR8502107
003 BR-BrBNA
005 20230928092142.0
007 ta
008 230509b bl.||||| |||| 00| 0 por d
040 _aBR-BrBNA
_bpor
_cBiblioteca Nacional de Agricultura
041 _a(Por)
072 _aF01; F03
_b1840
_b3575
090 _ 1840 BR8502107
100 1 _aCruz, M.E. da S.
110 1 _aUniversidade Federal de Vicosa, MG (Brasil)
_0Tese (Magister Scientiae)
245 1 _aEfeitos dos metodos e epocas de colheita sobre a qualidade, das sementes de quiabo (Abelmoschus esculentus (L.)Moench.)
260 3 _aVicosa, MG (Brasil):
_c1985.
300 _a69 p.
500 _a41 tables; Bibliography (69 ref.); Summary (Por). (*) Documento disponível na(o) Universidade Federal de Vicosa, MG (Brazil)
650 _aQUIABO
650 _aSEMENTE
650 _aCOLHEITA
909 _a202309
_bLucia
_c55
_dLucia Elande
942 _cBK
999 _c37405
_d37405